000
00192 a2200097 4500
020
_a
9992483814
041
_a
spa
100
_a
Maria Lopez Vigil
245
_a
Historia de una rosa
942
_c
BK
999
_c
28914
_d
28914